literature by year - 20th century - Statistics

General Stats
  • This quiz has been taken 77 times
  • The average score is 7 of 15
Answer Stats
Hint Answer % Correct
1945 an allegorical novel about the politics of the Soviet Union as told via anthropomorphic animals Animal Farm
87%
1925 stereotypically assigned in high school English classes, it tells the story of the narrator's neighbor on Long Island, a millionaire obsessed with reuniting winning back a former lover The Great Gatsby
84%
1900 the story of a farm girl and her dog who are swept up in a cyclone and carried to a fantastical land The Wonderful Wizard of Oz
84%
1966 the story of an orphan boy who goes on a whimsical journey with a gigantic fruit James and the Giant Peach
71%
1950 the first of seven books in a series, it recounts the story of four siblings helping a talking lion based on Jesus Christ save a fantastical land The Lion, the Witch and the Wardrobe
69%
1992 the story of a nurse caring for a mysterious patient in an Italian villa after WWII has ended in the European, but not Pacific, theater The English Patient
61%
1985 set in a near-future patriarchal dystopia, it follows a member of a class of women forced to bear children for the ruling class The Handmaid's Tale
58%
1967 a magical realism novel about a family living in the fictional Colombian town founded by its patriarch One Hundred Years of Solitude
42%
1911 a novel, first published serially, about an unloved young girl born in British India and sent to her uncle's house in England after she is orphaned by cholera The Secret Garden
40%
1929 a novel set during the Italian campaign of WWI, following the romance of an American lieutenant with an English nurse A Farewell to Arms
32%
1937 a fantasy children's novel about a journey, as well as a precursor to a novel in the same universe aimed at adult audiences, which was later adapted into a massively successful series of films The Hobbit, or There and Back Again
31%
1979 a gothic novel about four siblings secretly imprisoned in their grandparents' manor home after the death of their father Flowers in the Attic
26%
1926 a whodunit narrated by a British doctor who becomes the companion of the detective investigating the titular death of a wealthy widower The Murder of Roger Ackroyd
13%
1934 a three stanza poem about plums that had been left in an icebox This Is Just To Say
11%
1955 a play about the memories and revelations that come to light when an alcoholic son and his wife pay a visit to his terminally ill father Cat On a Hot Tin Roof
10%
No matching quizzes found
Score Distribution
Percent of People with Each Score
Percentile by Number Answered
Your Score History
You have not taken this quiz